Estadísticas para Adivina la película por su vestuario (parte 1)

Haz click aquí para intentar la prueba.

Estadísticas generales

  • Esta prueba ha sido intentada 106 veces
  • La puntuación promedio es 16 de 32

Estadísticas de respuestas

Respuesta% Correcto
Barbie
92%
Star Wars / La guerra de las galaxias
92%
Harry Potter
90%
Joker / Guasón
90%
Cruella
88%
Piratas del Caribe
88%
Avengers / Los vengadores
85%
Alicia en el País de las Maravillas
82%
Mary Poppins
82%
Charlie y la fábrica de chocolate
66%
Kill Bill
64%
Los Juegos del Hambre
52%
Gladiador
51%
Guardianes de la Galaxia
51%
El mago de Oz
49%
La La Land
49%
Mad Max
49%
Breakfast at Tiffany's / Desayuno con diamantes
47%
Braveheart / Corazón Valiente
35%
El señor de los anillos
34%
El Gran Hotel Budapest
33%
El último samurái
31%
Duna
29%
Titanic
29%
Drácula
23%
El Gran Gatsby
23%
Once Upon a Time in Hollywood / Érase una vez en Hollywood
23%
Moulin Rouge
22%
Black Panther
21%
María Antonieta
13%
Dick Tracy
9%
Pandillas de Nueva York
7%

Distribución de puntuación

Porcentaje por número respondido

Porcentaje de gente con cada puntuación

Historial de tus puntuaciones

No has intentado esta prueba.